00435nam a2200145Ia 4500008004100000020001400041040001200055050001100067100002000078245008600098260003300184300002200217500002800239700002200267100512 1971 a g | 000 0 eng d a122772504 aABU, Za aQK 755 aGates, David M. 0aAtlas of energy budgets of plant leaves/cby David M. Gates and Laverne E. Papian aLondonbAcademic Pressc1971 avii, 277p. : ill. aIncludes bibilographies aLaverne E. Papian